| 000 | 01219nam a2200217 a 4500 | ||
|---|---|---|---|
| 008 | 120416s1993 ||||||||||||||||| || u | ||
| 020 | _a0796915563 | ||
| 050 | _aLB 1715 Hum | ||
| 100 | _ade Villiers, Ilona | ||
| 245 | 1 | 0 | _aSouthern African conference on the restructuring of education: conference proceedings |
| 260 |
_aPretoria: _bEducation Consulting and Counselling Services _c1993 |
||
| 300 | _aviii, 196[10]p. : ill. | ||
| 350 | _a0.00 | ||
| 650 | 0 | _aEDUCATIONAL TESTS AND MEASUREMENTS | |
| 650 | _aEDUCATION--SOUTH AFRICA | ||
| 650 | _aEDUCATION--AFRICA, SOUTHERN | ||
| 995 |
_aANNEX COLLECTION (Main Library) _D0.00 _e725635 _FCBU-MAIN LIBRARY (Kitwe) _H1 _I0.00 _jLB 1715 Hum _M1 _UAVAILABLE _y009112 _ZAnnex Low-Usage Collection |
||
| 995 |
_aANNEX COLLECTION (Main Library) _D0.00 _e725636 _FCBU-MAIN LIBRARY (Kitwe) _H2 _I0.00 _jLB 1715 Hum _M2 _UAVAILABLE _y009115 _ZAnnex Low-Usage Collection |
||
| 995 |
_aANNEX COLLECTION (Main Library) _D0.00 _e725633 _FCBU-MAIN LIBRARY (Kitwe) _H4 _I0.00 _jLB 1715 Hum _M4 _UAVAILABLE _y009114 _ZAnnex Low-Usage Collection |
||
| 995 |
_aANNEX COLLECTION (Main Library) _D0.00 _e725634 _FCBU-MAIN LIBRARY (Kitwe) _H3 _I0.00 _jLB 1715 Hum _M3 _UAVAILABLE _y009113 _ZAnnex Low-Usage Collection |
||
| 999 |
_c76685 _d76685 |
||